World aluminium directory 2007.
| Format: | Book |
|---|---|
| Published: |
London:
Metal Bulletin,
2007.
|
| Edition: | 7th ed. |
| Subjects: |
| LEADER | 00490cam a2200157 7i4500 | ||
|---|---|---|---|
| 001 | 0000021467 | ||
| 005 | 20081204090000.0 | ||
| 020 | 0 | 0 | |a 978-1-904333-28-9 |
| 090 | 0 | 0 | |a I 338.762234926025 |b WOR |
| 245 | 0 | 0 | |a World aluminium directory 2007. |
| 250 | 0 | 0 | |a 7th ed. |
| 260 | 0 | 0 | |a London: |b Metal Bulletin, |c 2007. |
| 300 | # | # | |a 489 p. |
| 650 | 0 | 0 | |a Aluminium -- |x Directories |
| 650 | 0 | 0 | |a Aluminium industry and trade -- |x Directories |
| 999 | |a B000022665 |b Directories |c International |e Business Information Centre | ||


